トンネルのないJR路線 - Statistics

General Stats
  • This quiz has been taken 831 times
  • The average score is 21 of 42
Answer Stats
会社名 路線名 % Correct
JR東日本 山手線
86%
JR北海道 札沼線
71%
JR東日本 南武線
70%
JR西日本 大阪環状線
70%
JR北海道 日高本線
69%
JR北海道 留萌本線
67%
JR東日本 鶴見線
64%
JR東海 武豊線
64%
JR北海道 富良野線
63%
JR東日本 両毛線
63%
JR東日本 水戸線
61%
JR東日本 相模線
60%
JR東日本 八高線
59%
JR東日本 東金線
57%
JR東海 太多線
57%
JR四国 鳴門線
55%
JR東日本 高崎線
54%
JR東海 参宮線
53%
JR東日本 鹿島線
50%
JR東日本 赤羽線
49%
JR東日本 五日市線
49%
JR西日本 桜島線
46%
JR西日本 宇部線
46%
JR西日本 小野田線
46%
JR西日本 桜井線
46%
JR西日本 和歌山線
46%
JR東日本 白新線
45%
JR東日本 大湊線
43%
JR東日本 越後線
43%
JR東日本 弥彦線
43%
JR九州 宮崎空港線
43%
JR東日本 日光線
42%
JR西日本 おおさか東線
40%
JR九州 香椎線
40%
JR西日本 関西空港線
38%
JR西日本 加古川線
36%
JR西日本 吉備線
32%
JR東日本 気仙沼線
31%
JR西日本 城端線
26%
JR九州 吉都線
26%
JR西日本 博多南線
24%
JR東日本 大船渡線
23%
No matching quizzes found
Score Distribution
Percent of People with Each Score
Percentile by Number Answered
Your Score History
You have not taken this quiz